00559nam a2200145Ia 4500003000900000008004100009040003300050041000800083080001400091100001900105245017500124246007300299260002600372300001500398LK-CoDNM010623t2012 xxu||||| |||| 00| 1 sin d aLK-CoDNMdLK-CoDNMeLK-CoDNM asin a294.3 CER aCerminara,Gina aසංසාර මන්දිර නොහොත් ඇමරිකානු දිවැසින් දුටු කර්මය හා පුනර්භවය aSansara Mandira Nohoth Amaricanu Divasin Dutu Karmaya Ha Punarbawaya bGodageaColomboc2012 b428, 21 cm